Memento práctico Francis Lefebvre. (Record no. 184857)

MARC details
000 -LEADER
campo de control de longitud fija 01303nam a2200337 i 4500
001 - NÚMERO DE CONTROL
campo de control 184857
003 - IDENTIFICADOR DE NÚMERO DE CONTROL
campo de control ES-MaACL
005 - FECHA Y HORA DE LA ÚLTIMA TRANSACCIÓN
campo de control 20240228131830.0
007 - CAMPO FIJO DE DESCRIPCIÓN FÍSICA--INFORMACIÓN GENERAL
campo de control de longitud fija t|
008 - DATOS DE LONGITUD FIJA--INFORMACIÓN GENERAL
campo de control de longitud fija 160205s2015 sp l |||| | spa d
020 ## - NÚMERO INTERNACIONAL ESTÁNDAR DEL LIBRO
Número Internacional Estándar del Libro 978-84-16268-81-8
080 ## - NÚMERO DE LA CLASIFICACIÓN DECIMAL UNIVERSAL
Número de la Clasificación Decimal Universal 347.965
245 00 - MENCIÓN DEL TÍTULO
Título Memento práctico Francis Lefebvre.
Nombre de parte o sección de la obra Acceso a la abogacía 2015-2016 /
Mención de responsabilidad, etc. [dirección, Mª José López Álvarez ; coordinación, Federico de Montalvo Jaaskelainen ; autores, Joaquín Almogueras Carreres...].
246 38 - FORMA VARIANTE DEL TITULO
Título propio/Titulo breve Memento acceso a la abogacía
Resto del título : 2015-2016
246 30 - FORMA VARIANTE DEL TITULO
Título propio/Titulo breve Acceso a la abogacía
Resto del título : 2015-2016
250 ## - MENCION DE EDICION
Mención de edición Act. a 18 sept. 2015.
260 ## - PUBLICACIÓN, DISTRIBUCIÓN, ETC.
Lugar de publicación, distribución, etc. Madrid :
Nombre del editor, distribuidor, etc. Francis Lefebvre,
Fecha de publicación, distribución, etc. 2015.
300 ## - DESCRIPCIÓN FÍSICA
Extensión 1080 p., [16] p. ;
Dimensiones 24 cm.
490 1# - MENCIÓN DE SERIE
Mención de serie Mementos prácticos
500 ## - NOTA GENERAL
Nota general Anexo legislativo.
500 ## - NOTA GENERAL
Nota general Índices.
650 ## - PUNTO DE ACCESO ADICIONAL DE MATERIA--TÉRMINO DE MATERIA
Término de materia o nombre geográfico como elemento de entrada Abogados-
Subdivisión geográfica España.
9 (RLIN) 9565
650 07 - PUNTO DE ACCESO ADICIONAL DE MATERIA--TÉRMINO DE MATERIA
Término de materia o nombre geográfico como elemento de entrada Práctica del derecho.
9 (RLIN) 152018
700 1# - ENTRADA AGREGADA--NOMBRE PERSONAL
Nombre de persona López Álvarez, María José.
9 (RLIN) 158693
700 1# - ENTRADA AGREGADA--NOMBRE PERSONAL
Nombre de persona Montalvo Jääskeläinen, Federico de.
9 (RLIN) 158694
710 2# - ENTRADA AGREGADA--NOMBRE DE ENTIDAD CORPORATIVA
Nombre de entidad corporativa o nombre de jurisdicción como elemento de entrada Ediciones Francis Lefebvre.
9 (RLIN) 158696
830 0# - PUNTO DE ACCESO ADICIONAL DE SERIE-TÍTULO UNIFORME
Título uniforme Mementos prácticos
9 (RLIN) 192240
852 ## - LOCALIZACIÓN
Ubicación ES-MaACL
Número de control de estantería A-15295
itemnumber 191872
Sublocalización o colección R.151081
Ubicación en estantería Depósito 1
Signatura antigua Olim: L 347.965 "2015/16" mem
-- Olim: Meseton
Donativo/Legado Donación: Editorial
942 ## - ELEMENTOS DE ENTRADA SECUNDARIOS (KOHA)
Fuente del sistema de clasificación o colocación Clasificación decimal universal
Holdings
Estatus retirado Estado de pérdida Fuente del sistema de clasificación o colocación Estado de daño No para préstamo Biblioteca de origen Biblioteca actual Ubicación en estantería Fecha de adquisición Fuente de adquisición Total de préstamos Signatura topográfica completa Código de barras Visto por última vez Precio de reemplazo Tipo de ítem Koha
    Clasificación decimal universal     Biblioteca del Ateneo de Madrid Biblioteca del Ateneo de Madrid Depósito 1 05/02/2016 Donación   A-15295 1194685 23/02/2023 23/02/2023 Libro impreso